| 000 | 01021nam a2200301 i 4500 | ||
|---|---|---|---|
| 001 | 41667 | ||
| 003 | Mx-PuUPA | ||
| 005 | 20250815120915.0 | ||
| 008 | 250815b2011 mx gr 001 0 spa d | ||
| 020 | _a9780984036813 | ||
| 040 |
_aMx-PuUPA _bspa _cMx-PuUPA _dMx-PuUPA _erda |
||
| 041 | 0 | _aspa | |
| 100 | 1 |
_aBeuchot, Mauricio, _d1950- _914180 _eautor |
|
| 245 | 1 | 3 |
_aEl hombre y símbolo : _bdesde una antrolopología analógica / _cMauricio Beuchot |
| 246 | 1 | 3 | _aEl símbolo y el hombre desde un personalismo analógico-icónico |
| 250 |
_aPrimera edición / _boctubre |
||
| 264 |
_aMéxico : _bDémeter Ediciones, _c2011 |
||
| 300 |
_a134 páginas ; _c21 cm |
||
| 336 |
_2rdacontent _atexto _btxt |
||
| 337 |
_2rdamedia _asin medio _bn |
||
| 338 |
_2rdacarrier _avolumen _bnc |
||
| 650 | 7 |
_2armarc _aAntropología filosófica |
|
| 650 | 7 |
_2armarc _aEl hombre |
|
| 650 | 7 |
_2armarc _aHermeneútica analógica |
|
| 942 |
_2ddc _cLI _h121.686 _iB568 |
||
| 999 |
_c73116 _d73116 |
||